000 00748cam a2200217 i 4500
020 _a9781630814243
082 0 0 _a621.3824 MAC
100 1 _aMacnamara, Thereza,
_eauthor.
245 1 0 _aHandbook of Antennas for EMC
_cThereza M. Macnamara with John McAuley.
250 _aSecond edition.
260 _aBoston
_bArtech House
_c2018.
300 _axiv, 405 pages :
_billustrations ;
_c26 cm.
504 _aIncludes bibliographical references (pages and index.
650 0 _aRadio
_989610
650 0 _aElectromagnetic compatibility.
_989611
650 0 _aRadio noise
_989612
942 _2ddc
_cBK
999 _c588261
_d588261